Responses for show #4057 - Tuesday, April 2, 2002

Contestants

Adam Epstein, a pre-law student from Los Angeles, California

Amy Borgstedte, an attorney from Houston, Texas

Brendan Roche, an account manager from Troy, New York (whose 1-day cash winnings total $17,100)

Jeopardy! Round responses

BEFORE THE WHITE HOUSE
BIBLICAL RULERS
JUST RELAXING
MAKE
(Alex: We'll give you some car models; you give the make.)
"IT"
BIG IN HOLLYWOOD
    $200 16
Abraham Lincoln

Amy
    $200 11
the Sabbath

Adam
    $200 23
snooze

Brendan
    $200 1
Volkswagen

Brendan
    $200 18
an itch

Adam
    $200 6
King Kong

Adam
    $400 17
Ronald Reagan

Adam
    $400 12
2

Triple Stumper
    $400 24
wool gathering

Triple Stumper
    $400 2
Pontiac

Adam
    $400 19
Italian

Amy
    $400 7
Godzilla

Brendan
    $600 28
George Bush & George W. Bush

Amy
    $600 13
(Amy: What is the nose?)
(Adam: What is the ear?)

the eye

BrendanAmyAdam
    $600 25
La-Z-Boy

Amy
    $600 3
Chrysler

Brendan
    $600 20
italics

Amy
    $600 8
Batman

Brendan
    $800 29
FDR

Amy
    $800 14
spit

Brendan
    $800 26
(Amy: What is gin?)
(Adam: What is whiskey?)

rum

AmyAdam
Triple Stumper
    $800 4
Chevy

Brendan
    $800 21
itinerary

Amy
    $800 9
IMAX

Amy
    $1000 30
(Brendan: Who is Jefferson?)
...
(Alex: There are no photographs of Thomas Jefferson that I know of.)
[Laughter]

Nixon

BrendanAdam
    $1,000 15
(Brendan: What are gills?)

scales

Brendan
    $1000 27
Teicher

Brendan
    $1000 5
AMC (American Motor Corp.)

Adam
    $1000 22
Itzhak

Amy
    $1000 10
Harry and the Hendersons

Adam

Scores at the first commercial break (after clue 15):

Brendan Amy Adam
$3,000 $200 $2,200

Scores at the end of the Jeopardy! Round:

Brendan Amy Adam
$3,200 $4,400 $3,000

Double Jeopardy! Round responses

PHYSICAL SCIENCE
THE SPORTING LIFE
20th CENTURY BRITAIN
DO YOU KNOW WHO YOU'RE DEALING WITH?
STATES' FORMER CAPITALS
BEFORE & AFTER
    $400 18
refraction

Amy
    $400 6
a punter

Adam
    $400 16
Neville Chamberlain

Triple Stumper
    $400 26
a horse-trader

Brendan
    $400 11
Nebraska

Amy
    $400 1
Steve Lawrence of Arabia

Adam
    $800 22
hydrogen

Adam
    $800 7
(Amy: What is table tennis?)

paddle tennis

Amy
Triple Stumper
    $5,000 17
(Alex: You're on your way
to setting some records
if you decided to wager big on this Daily Double clue.)
(Brendan: Don't tease me like that, Alex. Let's try $5,000.)
(Alex: All right, keep in mind, ladies and gentlemen, that the clues are easier as they are higher on the board. So this should be an easy one. Let's see.)
...
(Alex: Brendan?)
(Brendan: What is Argentina?)
(Alex: No. You have to remember the Suez Crisis, and that would be [*]. So maybe the clues are not necessarily that much easier when they're higher on the board.)

Egypt

Brendan
    $800 27
[The end-of-round signal sounds.]

a tobacconist

Triple Stumper
    $800 12
Mississippi

Amy
    $800 2
"Don't It Make My Brown Eyes Blue Cheese"

Brendan
    $1200 23
CH4

Amy
    $1200 8
handball

Brendan
    $1200 19
(Amy: What is Lloyd's of London?)

Barings

Amy
Triple Stumper
    $1200 13
(Amy: What is Maine?)

Georgia

BrendanAmy
    $1200 3
James Cagney & Lacey

Adam
    $1600 24
polarized

Brendan
    $1,600 9
(Brendan: Who is Lennox Lewis?)

Evander Holyfield

Brendan
    $1600 20
(Amy: What is 1939?)

1914

Amy
Triple Stumper
    $1600 14
Tennessee

Brendan
    $1600 4
[NOTE: The Poe work is "The Tell-Tale Heart".]

"A Tell-Tale Heart of Darkness"

Brendan
    $2000 25
fluorescence

Triple Stumper
    $2000 10
(Adam: What is horse racing?)

pool (billiards)

Adam
Triple Stumper
    $2000 21
(Alex: With a minute left, Amy.)

the Academy of St. Martin in the Field

Triple Stumper
    $2000 15
New Hampshire

Brendan
    $2000 5
[Laughter and applause]
(Alex: You deserve the money just for working that out.)

"Much Ado About Nothing Comes Between Me and My Calvins"

Brendan

Scores at the end of the Double Jeopardy! Round:

Brendan Amy Adam
$9,000 $2,400 $3,800
(lock game)

[wagering suggestions for these scores]

Final Jeopardy! Round responses

WORLD GEOGRAPHY
AmyWhat are Argentina and Columbia?
$2,400
AdamWhat are Peru & Argentina
$3,799
BrendanWhat are Chile & Venezuela?
$1,000
Chile & Colombia

Final scores:

Brendan Amy Adam
$8,000 $0 $1
2-day champion: $25,100 3rd place: trip to Las Vegas & stay at Hard Rock Hotel 2nd place: trip to Killarney, Ireland by Colette Vacations & stay at Old World Southern Hotel

Game dynamics:

Coryat scores:

Brendan Amy Adam
$16,600 $2,400 $3,800
18 R,
4 W
(including 3 DDs)
13 R,
6 W
12 R,
3 W

Combined Coryat: $22,800

The J! Archive is created by fans, for fans. The Jeopardy! game show and all elements thereof, including but not limited to copyright and trademark thereto, are the property of Jeopardy Productions, Inc. and are protected under law. This website is not affiliated with, sponsored by, or operated by Jeopardy Productions, Inc. Join the discussion at JBoard.tv.